Stromlo Workshop on High-Velocity Clouds : proceedings of the workshop held at Mount Stromlo Observatory, Canberra, Australia, 14-15 August, 1998 /

Bibliographic Details
Corporate Author: Stromlo Workshop on High-Velocity Clouds Mount Stromlo Observatory
Other Authors: Gibson, Brad K., Putman, Mary E.
Format: Conference Proceeding eBook
Language:English
Published: San Francisco, Calif. : Astronomical Society of the Pacific, 1999.
Series:Astronomical Society of the Pacific conference series ; v. 166.
Subjects:
Online Access:Connect to the full text of this electronic book

MARC

Tag First Indicator Second Indicator Subfields
LEADER 00000cam a2200000Ia 4500
001 in00002665430
005 20190329193005.0
006 m d
007 cr un||||||auu
008 100521s1999 caua ob 101 0 eng d
020 |a 9781583815021 
020 |a 1583815023 
020 |z 1886733872 
020 |z 9781886733879 
035 |a (OCoLC)ocn624408848 
035 |a (OCoLC)624408848 
040 |a OCLCE  |b eng  |c OCLCE  |d TXA  |d UtOrBLW 
042 |a dlr 
049 |a TXAM 
050 4 |a QB791.5  |b .S87 1998eb 
082 0 4 |a 523.1/135  |2 21 
084 |a 39.42  |2 bcl 
111 2 |a Stromlo Workshop on High-Velocity Clouds  |d (1998 :  |c Mount Stromlo Observatory) 
245 1 0 |a Stromlo Workshop on High-Velocity Clouds :  |b proceedings of the workshop held at Mount Stromlo Observatory, Canberra, Australia, 14-15 August, 1998 /  |c edited by Brad K. Gibson and Mary E. Putman. 
264 1 |a San Francisco, Calif. :  |b Astronomical Society of the Pacific,  |c 1999. 
300 |a 1 online resource (xvii, 328 pages) :  |b illustrations 
336 |a text  |b txt  |2 rdacontent 
337 |a computer  |b c  |2 rdamedia 
338 |a online resource  |b cr  |2 rdacarrier 
490 1 |a Astronomical Society of the Pacific conference series ;  |v v. 166 
504 |a Includes bibliographical references and index. 
588 |a Description based on print version record. 
500 |a Electronic resource. 
650 0 |a High-velocity clouds (Astrophysics)  |v Congresses. 
650 6 |a Matière interstellaire  |v Congrès. 
650 1 7 |a Hoge-snelheidswolken.  |2 gtt 
650 7 |a Matière interstellaire.  |2 ram 
700 1 |a Gibson, Brad K. 
700 1 |a Putman, Mary E. 
776 0 8 |i Print version:  |t Stromlo Workshop on High-Velocity Clouds.  |d San Francisco, Calif. : Astronomical Society of the Pacific, 1999  |z 9781886733879  |w (DLC) 99061376  |w (OCoLC)43076794 
830 0 |a Astronomical Society of the Pacific conference series ;  |v v. 166. 
856 4 0 |u http://proxy.library.tamu.edu/login?url=http://aspbooks.org/a/volumes/table_of_contents/166  |z Connect to the full text of this electronic book  |t 0 
994 |a C0  |b TXA 
948 |a cataloged  |b h  |c 2010/10/1  |d c  |e agaffey  |f 10:11:28 am 
999 |a MARS 
999 f f |s b7feb982-4368-3878-a241-fa015f8d27d6  |i 048b0dba-799d-38fa-8dc2-3cd205e853d7  |t 0 
952 f f |a Texas A&M University  |b College Station  |c Electronic Resources  |d Available Online  |t 0  |e QB791.5 .S87 1998eb  |h Library of Congress classification 
998 f f |a QB791.5 .S87 1998eb  |t 0  |l Available Online